| Tag |
First Indicator |
Second Indicator |
Subfields |
| LEADER |
00000cam a2200000 4500 |
| 001 |
in00000700310 |
| 005 |
20151016051910.0 |
| 008 |
750925s1935 nyua 00010 eng |
| 010 |
|
|
|a 35012825
|
| 035 |
|
|
|a (OCoLC)01653704
|
| 035 |
|
|
|9 ADB4013AM
|
| 040 |
|
|
|a DLC
|c FQG
|d TXA
|d UtOrBLW
|
| 049 |
|
|
|a TXAM
|c [375756]
|
| 050 |
0 |
0 |
|a TK6550
|b .N5
|
| 082 |
0 |
|
|a 621.334
|
| 100 |
1 |
|
|a Nilson, Arthur Reinhold,
|d 1897-1945.
|
| 245 |
1 |
0 |
|a Practical radio communication ;
|b principles-systems-equipment-operation, including short-wave and ultra-short-wave radio /
|c by Arthur R. Nilson ... and J. L. Hornung ...
|
| 250 |
|
|
|a 1st ed.
|
| 264 |
|
1 |
|a New York :
|b McGraw-Hill book company, inc.,
|c 1935.
|
| 300 |
|
|
|a xxiii, 754 pages :
|b illustrations diagrams ;
|c 24 cm.
|
| 336 |
|
|
|a text
|b txt
|2 rdacontent
|
| 337 |
|
|
|a unmediated
|b n
|2 rdamedia
|
| 338 |
|
|
|a volume
|b nc
|2 rdacarrier
|
| 650 |
|
0 |
|a Radio.
|
| 700 |
1 |
|
|a Hornung, Julius Lawrence,
|d 1898-
|
| 740 |
0 |
|
|a Radio Communication.
|
| 999 |
|
|
|a MARS
|
| 999 |
f |
f |
|s 1d7a6701-927b-3c50-9f92-668a4e64925e
|i 6eb1a3cf-63bd-3050-875a-a9832ed9fe05
|t 0
|
| 952 |
f |
f |
|p ric
|a Texas A&M University
|b Rellis Campus
|c Joint Library Facility
|d Remote Storage
|t 0
|e TK6550 .N5
|h Library of Congress classification
|i unmediated -- volume
|m A14805485561
|
| 998 |
f |
f |
|a TK6550 .N5
|t 0
|l Remote Storage
|